Worms by Picture 🪱 - Statistics

General Stats
  • This quiz has been taken 73 times
    22 since last reset
  • The average score is 5 of 12
Answer Stats
Picture Hint Answer % Correct
Annelida {earth}worm
100%
Eucestoda {tape}worm
83%
Platyhelminthes {flat}worm
56%
Lampyris noctiluca {glow}worm
44%
Bombyx mori {silk}worm
33%
Glycera {blood}worm
28%
Tenebrio molitor {meal}worm
28%
Nematoda {round}worm
28%
Loimia medusa {spaghetti} worm
28%
Dirofilaria immitis {heart}worm
17%
Ancylostoma {hook}worm
17%
Enterobius vermicularis {pin}worm
17%
No matching quizzes found
Score Distribution
Percent of People with Each Score
Percentile by Number Answered
Your Score History
You have not taken this quiz since the last reset